Group theory The application to Quantum mechanics (Record no. 610904)
[ view plain ]
| 000 -LEADER | |
|---|---|
| fixed length control field | 00421nam a22001337a 4500 |
| 040 ## - CATALOGING SOURCE | |
| Transcribing agency | Nust |
| 082 ## - DEWEY DECIMAL CLASSIFICATION NUMBER | |
| Classification number | 512.2 |
| Author Mark | MEI |
| 100 ## - MAIN ENTRY--PERSONAL NAME | |
| Personal name | Paul H.E Meijer |
| 9 (RLIN) | 125130 |
| 110 ## - MAIN ENTRY--CORPORATE NAME | |
| Corporate name or jurisdiction name as entry element | Edmond Bauher |
| 9 (RLIN) | 125131 |
| 245 ## - TITLE STATEMENT | |
| Title | Group theory The application to Quantum mechanics |
| 260 ## - PUBLICATION, DISTRIBUTION, ETC. | |
| Place of publication, distribution, etc. | Amsterdam: |
| Name of publisher, distributor, etc. | North Holland publishing Co\omapany, |
| Date of publication, distribution, etc. | 1965. |
| 650 ## - SUBJECT ADDED ENTRY--TOPICAL TERM | |
| Topical term or geographic name entry element | Group theory The application to Quantum mechanics |
| 9 (RLIN) | 125132 |
| 942 ## - ADDED ENTRY ELEMENTS (KOHA) | |
| Source of classification or shelving scheme | |
| Koha item type | Book |
| Withdrawn status | Lost status | Source of classification or shelving scheme | Damaged status | Not for loan | Permanent Location | Current Location | Shelving location | Date acquired | Total Checkouts | Full call number | Barcode | Date last seen | Price effective from | Koha item type |
|---|---|---|---|---|---|---|---|---|---|---|---|---|---|---|
| College of Electrical & Mechanical Engineering (CEME) | College of Electrical & Mechanical Engineering (CEME) | General Stacks | 08/13/2024 | 512.2 MEI | CEME- 39976 | 08/13/2024 | 08/13/2024 | Book |
